| 000 | 00508cam a2200193 4500 | ||
|---|---|---|---|
| 020 | _a0842602941 | ||
| 041 | 1 | _aeng | |
| 082 | 0 | 0 |
_a294.5 _bBUR |
| 100 | 0 | _aManu | |
| 245 | 1 | 4 | _aThe ordinances of Manu. |
| 250 | _a[2d ed.] | ||
| 260 |
_aNew Delhi, _bOriental Books Reprint Corp. _c[1971] |
||
| 300 | _axlvii, 399 p. | ||
| 500 | _aOn mounted label: Distributed by Lawrence Verry, Mystic, Conn. | ||
| 650 | 0 | _aHindu Law. | |
| 700 | 1 | _aBurnell, A. C. | |
| 700 | 1 | _aHopkins, Edward Washburn, | |
| 942 | _cBK | ||
| 999 |
_c22663 _d22663 |
||